<?xml version='1.0' encoding='UTF-8'?>
  <record xmlns="http://www.loc.gov/MARC21/slim">
    <leader>00000cam a2200000 i 4500</leader>
    <controlfield tag="001">ocn795887374</controlfield>
    <controlfield tag="003">OCoLC</controlfield>
    <controlfield tag="005">20260117133229.4</controlfield>
    <controlfield tag="008">120429m18721877ne            000 0 dut d</controlfield>
    <datafield tag="040" ind1=" " ind2=" ">
      <subfield code="a">NLGGC</subfield>
      <subfield code="b">dut</subfield>
      <subfield code="e">fobidrtb</subfield>
      <subfield code="c">NLGGC</subfield>
      <subfield code="d">QGJ</subfield>
      <subfield code="d">OCLCQ</subfield>
    </datafield>
    <datafield tag="029" ind1="0" ind2=" ">
      <subfield code="a">NLGGC</subfield>
      <subfield code="b">341643130</subfield>
    </datafield>
    <datafield tag="035" ind1=" " ind2=" ">
      <subfield code="a">(OCoLC)795887374</subfield>
    </datafield>
    <datafield tag="245" ind1="0" ind2="0">
      <subfield code="a">Johan Frederik Riedel :</subfield>
      <subfield code="b">Een levensbeeld uit de Minahassa op Celebes.</subfield>
    </datafield>
    <datafield tag="260" ind1=" " ind2=" ">
      <subfield code="a">[Te Rotterdam] :</subfield>
      <subfield code="b">[bij M. Wijt &amp; zonen],</subfield>
      <subfield code="c">[1872-1877]</subfield>
    </datafield>
    <datafield tag="300" ind1=" " ind2=" ">
      <subfield code="a">7 dl. ;</subfield>
      <subfield code="c">16 cm.</subfield>
    </datafield>
    <datafield tag="336" ind1=" " ind2=" ">
      <subfield code="a">tekst</subfield>
      <subfield code="b">txt</subfield>
      <subfield code="2">rdacontent/dut</subfield>
    </datafield>
    <datafield tag="337" ind1=" " ind2=" ">
      <subfield code="a">zonder medium</subfield>
      <subfield code="b">n</subfield>
      <subfield code="2">rdamedia/dut</subfield>
    </datafield>
    <datafield tag="338" ind1=" " ind2=" ">
      <subfield code="a">band</subfield>
      <subfield code="b">nc</subfield>
      <subfield code="2">rdacarrier/dut</subfield>
    </datafield>
    <datafield tag="490" ind1="0" ind2=" ">
      <subfield code="a">Kleine stukjes / Nederlandsch Zendelinggenootschap ;</subfield>
      <subfield code="v">[no. 192, 196-199, 202-203]</subfield>
    </datafield>
    <datafield tag="505" ind1="0" ind2=" ">
      <subfield code="a">I. In de vaderstad. II. Van Amboina naar Menado. III. Aankomst in de Minahassa, vestiging te Tondano. IV. Het eigen huis : Huiselijk leven. Werkkring buiten Tondano. V. De betrekkingen in het vaderland. De lente breekt aan. VI. Een levensbeeld uit de Manahassa op Celebes. VII. De arbeid van de laatste tien jaren.</subfield>
    </datafield>
    <datafield tag="520" ind1=" " ind2=" ">
      <subfield code="a">Ex. PKE 1334, PKE 1335: Titelblad ontbreekt.</subfield>
    </datafield>
    <datafield tag="600" ind1="1" ind2="4">
      <subfield code="a">Riedel, Johann Gerhard Friedrich.</subfield>
    </datafield>
    <datafield tag="936" ind1=" " ind2=" ">
      <subfield code="a">BATCHLOAD</subfield>
    </datafield>
  </record>